000 00606nam a2200157 4500
001 132459
003 ES-MaACL
005 20230906194200.0
007 t|
008 070214s1972 sp r ||||1| spa d
100 1 _aRomero de Lecea, Carlos.
_999371
245 1 3 _aEl V centenario de la introducción de la imprenta en España (Segovia, 1472)
_b: antecedentes de la imprenta y circunstancias que favorecieron su introducción en España /
_cpor Carlos Romero de Lecea.
260 _aMadrid :
_bJoyas Bibliográficas,
_c1972.
300 _a290 p. :
_bil. ;
_c28 cm.
852 _aES-MaACL
_jC-42664
_bR.81260
999 _c132459
_d132459